Bratislava - Tepláreň III. Adaptácia industriálnej architektúry

Salvato in:
Dettagli Bibliografici
Autore principale: Príbytná, Andrea (Autore)
Altri autori: Botek, Andrej (Relatore della tesi)
Natura: Manoscritto Libro
Lingua:slovacco
Pubblicazione: Bratislava 2017
Soggetti:
Accesso online:http://is.stuba.sk/zp/portal_zp.pl?podrobnosti=128309
Tags: Aggiungi Tag
Nessun Tag, puoi essere il primo ad aggiungerne!!

MARC

LEADER 00000ntm a22000003a 4500
001 stuzp63824
003 SK-STU
005 20210215110145.9
007 ta
008 150427s2015----xo-----f-mn---000-0-slo-d
040 |a STU  |b slo 
041 0 |a slo 
100 1 |a Príbytná, Andrea  |u 053130  |4 aut  |U FAD Fakulta architektúry  |T FA Ústav dejín a teórie architektúry a obnovy pamiatok  |X 62148  |U A3130  |Y 394  |7 62148 
242 0 1 |a Bratislava - Tepláreň III. Adaptation of industrial architecture  |y eng 
245 1 0 |a Bratislava - Tepláreň III. Adaptácia industriálnej architektúry 
260 |c 2017  |a Bratislava 
650 4 |a industriálna architektúra  |2 slo 
650 4 |a kresťanské centrum  |2 slo 
650 4 |a duchovné a misijné spoločenstvo  |2 slo 
650 4 |a spiritual and missionary community  |2 eng 
650 4 |a industrial architecture  |2 eng 
650 4 |a Christian Center  |2 eng 
700 1 |a Botek, Andrej  |u 053130  |k Z2  |4 ths  |U FAD Fakulta architektúry  |T FA Ústav dejín a teórie architektúry a obnovy pamiatok  |X 351  |U A3130  |Y 394  |7 A000000351 
856 4 |u http://is.stuba.sk/zp/portal_zp.pl?podrobnosti=128309  |u https://opac.crzp.sk/?fn=detailBiblioForm&sid=E7FF18FD4FFD5019DBFAE13CC38C